| 000 | 00680nam a22001457a 4500 | ||
|---|---|---|---|
| 999 |
_c2239 _d2239 |
||
| 020 | _a8179291758 | ||
| 050 |
_aHF5549.5 _b.L22 |
||
| 100 | _aLandale, A. (editor) | ||
| 245 |
_aAdvanced tecniques for training and development _cA. Landale edited |
||
| 260 |
_aNew Delhi _bInfinity Books _c2006 |
||
| 300 | _axxxiii;426p. | ||
| 505 | _aPART 1. Training and development and the learning organization 2. Best practice for training and development 3. Advanced techniques in training and development 4. IT related learning 5. Evaluation- a constant theme for training and development List of figures List of tables | ||
| 650 |
_aManagement _xTraining and development |
||
| 942 | _cBK | ||